Normale Ansicht MARC-Ansicht ISBD

Vivadanza lädt zur ersten Tanz/Gala. (Titelsatznr. 371710)

[ MARC ]
MARC-Details
000 -Satzkennung
Kontrollfeld mit fester Länge 00753nam a22001817a 4500
008 - Feld mit fester Länge zur physischen Beschreibung - Allgemeine Angaben
Kontrollfeld mit fester Länge 201127b ||||| |||| 00| 0 eng d
040 ## - Katalogisierungsquelle
Original-Katalogisierungsstelle DE-2950
Katalogisierungssprache ger
Übertragungsstelle DE-2950
Beschreibungsfestlegungen rda
041 ## - Sprachcode
Sprachcode des Textes/der Tonspur oder des separaten Titels ger
245 ## - Titel
Haupttitel Vivadanza lädt zur ersten Tanz/Gala.
Titelzusatz Bewegung: Die Tanzschule in Frankfurt bereitet sich auf einen großen Auftritt im Kleist Forum vor. Was die Zuschauer erwartet und warum die Schule besonders international ist/
Verantwortlichkeitsangabe Ines Weber-Rath
264 ## - Veröffentlichungsangabe, Vertriebsangabe, Herstellungsangabe
Erscheinungs-, Vertriebs-, Herstellungsdatum 2022
653 ## - Lokales Schlagwort
Nicht-normierter Term Frankfurt (O)
653 ## - Lokales Schlagwort
Nicht-normierter Term Tanzschule
773 ## - Übergeordnete Einheit
Ort, Verlag und Erscheinungsjahr Frankfurt (Oder) Märkisches Verlags- und Druckhaus GmbH & Co KG
Titel Märkische Oderzeitung
Verknüpfungsangaben 33. Jahrgang (2022) Nr. 148 vom 28.06.2022, S. 16
942 ## - Zusätzliche Felder (Koha)
Koha-Medientyp Aufsätze
Exemplare
Ausgeschieden Verloren Beschädigt Nicht entleihbar Permanenter Standort Aktueller Standort Aufstellungsort Eingabedatum Anzahl Ausleihen Signatur Letzte Aktivität Preis gültig von Medientyp
        Stadtarchiv Frankfurt (Oder) | Archivbibliothek Stadtarchiv Frankfurt (Oder) | Archivbibliothek Magazin 29/06/2022   Z2 29/06/2022 29/06/2022 Aufsätze